| 000 | 01746nam a2200277 i 4500 | ||
|---|---|---|---|
| 001 | 26416 | ||
| 003 | ES-MaACL | ||
| 005 | 20250928115754.0 | ||
| 007 | t| | ||
| 008 | 030109m17691974fr ||||1| lat d | ||
| 245 | 0 | 0 |
_aArtis medica principes _b: Hippocrates, Aretaeus, Alexander, Aurelianus, Celsus, Rhazis|crecensuit, praefatus est Albertus de Haller ... ; tomus I [- XI]. |
| 260 |
_aLausanne : _bGrasset-Pott, _c1769-74. |
||
| 300 |
_a11 v. (XI, [1], [2] en bl., 498 p. ; [6], [2] en bl., 478 p. ; [6], 450 p. ; XII, 418 p. ; LXXXVI, [1] h. en bl., 291, [21] p. ; LXIV, 430, [1] p., [1] en bl. ; [2] h., 419 p., [1] en bl. ; XXIV, 360 p. ; [2] h., 251 p., [1] en bl. ; XLIV, 307 p., [1] en bl. ; VIII, 470 p.) ; _c20 cm. |
||
| 500 | _aLos textos de Hipócrates ocupan los v. 1-4; los de Alexandre de Tralles (traducidos por Johann Winter) en los v. 6-7; los textos de Rhazis en v. 7-9; y los de Aurelianus, en v. 9-11. | ||
| 597 | _aSign.: *8-¹, A-Z8, 2A-2G8, 2I²-¹ ; [ ]4, A-Z8, 2A-2G8-¹ ; [ ]4-¹, A-Z8, Aa-Ee8, Ff²-¹ ; *6, A-Z8, 2A-2C8, 2D²-¹ ; a-e8, f4, A-T8, V4 ; a-d8, A-Z8, Aa-Dd8 ; [ ]², A-Z8, 2A-2C8, 2D² ; a8, b4, A-Y8, Z4 ; [ ]², A-P8, Q6 ; a-b8, c6, A-T8, V² ; [ ]4, A-Z8, 2A-2F8, 2G4-¹. | ||
| 597 | _aAnteportadas en cada volumen. | ||
| 650 | 0 | 4 |
_aMedicina- _vObras anteriores a 1800 _914912 |
| 650 | 0 | 7 |
_aMedicina griega y romana _2embne _914924 |
| 700 | 1 |
_aHaller, Albrecht von, _d1708-1777 _961591 |
|
| 700 | 0 |
_aHipócrates. _963793 |
|
| 700 | 1 |
_aAlexandre de Tralles, _d525-605 _9157824 |
|
| 700 | 1 |
_aRazi, Muhammad ibn Zakariya Abu Bakr al- _9157825 |
|
| 700 | 0 |
_aCelso. _937383 |
|
| 852 |
_aES-MaACL _jR-941-51 _z.- Ex libris de Mateo Seoane _x Olim: G-9607-17 |
||
| 999 |
_c26416 _d26416 |
||